戦前の市歌 - Statistics

General Stats
  • This quiz has been taken 12 times
    11 since last reset
  • The average score is 75 of 116
Answer Stats
発表年
曲名
作詞 作曲 % Correct
1909 横浜市歌 森林太郎 南能衛
100%
1898 京都
88%
1903 大阪市の歌 一柳安次郎 小山作之助
88%
1905 静岡市歌 田辺友三郎 田村虎蔵
88%
1907 東京唱歌 宮本晋 岡野貞一
88%
1910 名古屋市歌 上田萬年 岡野貞一
88%
1912 広島市歌 矢田部藤吉 納所弁次郎
88%
高松市歌 三土忠造 楠美恩三郎
88%
1915 京都市歌 柏木亀三 田村虎蔵
88%
1918 岐阜市歌 落合直文 小山作之助
88%
1920 大津市歌 猪谷不美男 武内岩尾
88%
1921 浜松市歌 森林太郎 本居長世
88%
大阪市歌 堀澤周安 中田章
88%
1922 和歌山市歌 岩橋喜宮一
88%
1923 東京市歌 高田耕甫 山田耕筰
88%
金沢市歌 鴻巣盛広 市唱歌研究会
88%
大松山市の歌
88%
1928 秋田市民歌 土井晩翠 山田耕筰
88%
新潟市歌 手塚義明 信時潔
88%
甲府市歌 中田千壽代 坂口五郎
88%
呉市歌 松本清 藤井清水
88%
大分市歌 須賀金夫 山田耕筰
88%
1929 千葉市歌 落合栄一 弘田龍太郎
88%
広島市歌 畑耕一 永井建子
88%
熊本市歌 東岡正治 鳥飼哲夫
88%
岡山市歌 守時高樹 岡野貞一
88%
1932 大東京市歌 悌道雄 船橋栄吉
88%
松江市歌 田村重弥 下野沢
88%
水戸市歌 北原白秋 山田耕筰
88%
川崎市歌 小林俊三 高階哲夫
88%
四日市市歌 米富貢 岡野貞一
88%
堺市歌 安西冬衛 佐藤吉五郎
88%
和歌山市歌 土岐善麿 下総皖一
88%
静岡市歌 大川浩 信時潔
88%
和歌山市歌 田辺善一 澤崎定之
88%
山形市歌 結城哀草果 信時潔
88%
高松市民の歌
88%
宮崎市歌 長渡政男 佐藤禎二
88%
1945 決戦京都市民の歌 島岡勇之助 山田耕筰
88%
1906 弘前市民歌 大道寺繁禎 楠美恩三郎
75%
1926 長岡市歌 古川栄 弘田龍太郎
75%
徳島市歌
75%
1931 仙台市民歌 佐々木青 堀内敬三
75%
福岡市歌 金子健 中山晋平
75%
豊橋市歌
75%
下関市歌 石川千史 山田耕筰
75%
1933 青森市民歌 岩村芳麿 古関裕而
75%
吾等の松阪 阪倉松二郎 早川彌左衛門
75%
長崎市歌 市教育委員会 橋本國彦
75%
福井市歌 山田耕筰
75%
小倉市歌 内山哲也 永井幸次
75%
1936 福島市歌 北原白秋 山田耕筰
75%
八王子市歌 北原白秋 山田耕筰
75%
倉敷市歌 富田砕花 宮原禎次
75%
横須賀市歌 北原白秋 山田耕筰
75%
1938 盛岡市民歌 高橋康文 山田耕筰
75%
神戸市歌 武藤重勝 橋本國彦
75%
1939 弘前市民歌 野村朝雄 明本京静
75%
高知市歌 宮崎廣 弘田龍太郎
75%
松本市歌 高野辰之 信時潔
75%
徳島市民歌 佐藤惣之助 内田元
75%
尼崎市歌 福武周夫 小部卯八
63%
1927 八幡市歌 八並則吉 矢野勇雄
63%
佐世保市歌 八波則吉 島崎赤太郎
63%
門司市歌 山田文夫 岡野貞一
63%
郡山市歌 土井晩翠 橋本國彦
63%
鶴岡市民歌 澤谷長太郎 辻順治
63%
酒田行進曲 山口喜一 辻順治
63%
1934 八戸市民歌 神田重雄
63%
一宮市歌 尾上柴舟 信時潔
63%
船橋市歌 山本昇 乗松昭博
63%
敦賀市歌 志和実枝 庭本俊雄
63%
上田市歌 新村安男 下総皖一
63%
尾道市歌
63%
若松市歌 安武新 弘田龍太郎
63%
尼崎市歌 土井晩翠 東京音楽学校
63%
八代市歌
63%
1924【23年町歌】 熱海市歌 坪内逍遥 弘田龍太郎
50%
岸和田市歌 佐沢健平 阿保寛
50%
高田市歌 川合直次 信時潔
50%
那覇市歌 安藤佳翠 宮良長包
50%
丸亀市歌 堀沢周安 福喜多鎮雄
50%
都城市歌 富松良夫 陸軍戸山学校軍楽隊
50%
別府市歌 森勝比古 弘田龍太郎
50%
飯田市歌 犬塚利国 堀内敬三
50%
彦根市歌 稲葉小三郎 多田操
50%
戸畑市歌 加藤参郎 古関裕而
50%
1940 伊勢崎市歌 下村杜史 陸軍戸山学校軍楽隊
50%
1941 宮古市民歌 坪内清 米山正夫
50%
【31年町歌】 三島市歌 大岡博 堀内敬三
50%
日田市歌 山口扶美 松田一二三
50%
川口市歌 戸室有泰 橋本國彦
50%
みやこ川口 木佐貫慶三 中山晋平
50%
岸和田市民歌 内田元
50%
1930 沼津市歌 大悟法俊雄
38%
石巻市民歌 野口初枝
38%
坂出市歌 堀沢周安 杉江秀戦後
38%
1935 足利市歌 尾上柴舟 平岡均之
38%
銚子市歌 山崎晋道 弘田龍太郎
38%
新宮市歌 岩橋喜宮一
38%
半田市歌
38%
諏訪市市歌 藤田富雄 堀内敬三
38%
1943 佐野市歌 石川守三
38%
伏見市歌 西條八十 中山晋平
25%
明石市歌 尾上柴舟 岡野貞一
25%
飯塚市歌 山田耕筰
25%
大牟田市歌 梁田貞
25%
萩市市歌
25%
1937 釜石市民歌 広瀬喜志 古関裕而
25%
桑名市歌
25%
七尾市歌 西川好次郎
25%
海南市歌 上田節夫 打垣内正
13%
小松市歌 蕪城正芳 今井松雄
13%
1942 塩竈市民歌 櫻井宏 古関裕而
13%
洲本市歌 堀切政雄 厚美一幸
0%
1944 岩見沢市歌 奥保 中山晋平
0%
No matching quizzes found
Score Distribution
Percent of People with Each Score
Percentile by Number Answered
Your Score History
You have not taken this quiz since the last reset